Analýza vplyvu makroekonomických šokov na ekonomiky krajín Európskej únie diplomová práca

Gespeichert in:
Bibliographische Detailangaben
1. Verfasser: Virgovičová, Martina
Körperschaft: Fakulta hospodárskej informatiky EU. Katedra operačného výskumu a ekonometrie
Weitere Verfasser: Oštrom, Marek
Format: Buch
Sprache:Slowakisch
Veröffentlicht: Bratislava 2014
Tags: Tag hinzufügen
Keine Tags, Fügen Sie das erste Tag hinzu!

MARC

LEADER 00000nbm a2200000 4500
001 0188514
005 20170201103559.4
041 0 |a slo 
044 |a SK 
245 1 0 |a Analýza vplyvu makroekonomických šokov na ekonomiky krajín Európskej únie  |b diplomová práca  |c Martina Virgovičová ; školiteľ: Marek Oštrom 
264 1 |a Bratislava  |c 2014 
300 |a 65 s. 
100 1 |a Virgovičová, Martina 
700 1 |a Oštrom, Marek 
710 2 |a Fakulta hospodárskej informatiky EU. Katedra operačného výskumu a ekonometrie